| 000 | 00519nam a2200145 a 4500 | ||
|---|---|---|---|
| 001 | 000027532 | ||
| 005 | 20250217091458.0 | ||
| 008 | 110401s1995 dr 000 0 spa d | ||
| 040 |
_aDO-SdBNP _bspa _cBNPHU |
||
| 100 | 1 |
_a López Rodríguez, Nicolás de Jesús, _d1936- _9670 |
|
| 245 | 1 | 0 |
_aCarta pastoral sobre la catequesis desde hace 500 años / _cNicolás de Jesús Cardenal López Rodríguez. |
| 260 |
_aSanto Domingo : _bConferencia del Episcopado Dominicano, _c1995. |
||
| 300 |
_a54 p. ; _c22 cm. |
||
| 049 | _aBNPD | ||
| 999 |
_c27024 _d27024 |
||